<?xml version="1.0" encoding="UTF-8"?><record xmlns="http://www.loc.gov/MARC21/slim" xmlns:zs="http://docs.oasis-open.org/ns/search-ws/sruResponse">
  <leader>02133nam a2200553uu 4500</leader>
  <controlfield tag="001">24054423</controlfield>
  <controlfield tag="005">20250607132715.1</controlfield>
  <controlfield tag="006">m     o  d f      </controlfield>
  <controlfield tag="007">cr cn|||||||||</controlfield>
  <controlfield tag="008">240716s1903    dcu     o    f000 0 eng d</controlfield>
  <datafield ind1=" " ind2=" " tag="035">
    <subfield code="a">24054423</subfield>
  </datafield>
  <datafield ind1=" " ind2=" " tag="906">
    <subfield code="a">0</subfield>
    <subfield code="b">cbc</subfield>
    <subfield code="c">copycat</subfield>
    <subfield code="d">u</subfield>
    <subfield code="e">ncip</subfield>
    <subfield code="f">20</subfield>
    <subfield code="g">y-gencatlg</subfield>
  </datafield>
  <datafield ind1=" " ind2=" " tag="010">
    <subfield code="a">  2024775469</subfield>
  </datafield>
  <datafield ind1=" " ind2=" " tag="035">
    <subfield code="a">(DGPO)SERIALSET-04415_00_00-257-3768-0000</subfield>
  </datafield>
  <datafield ind1=" " ind2=" " tag="035">
    <subfield code="a">(OCoLC)1065072720</subfield>
  </datafield>
  <datafield ind1=" " ind2=" " tag="040">
    <subfield code="a">WYU</subfield>
    <subfield code="b">eng</subfield>
    <subfield code="c">WYU</subfield>
    <subfield code="d">OCLCO</subfield>
    <subfield code="d">DLC</subfield>
  </datafield>
  <datafield ind1=" " ind2=" " tag="042">
    <subfield code="a">lccopycat</subfield>
  </datafield>
  <datafield ind1="0" ind2="0" tag="050">
    <subfield code="a">KF12</subfield>
  </datafield>
  <datafield ind1="0" ind2=" " tag="086">
    <subfield code="a">57-2:H.RP.3768</subfield>
  </datafield>
  <datafield ind1="0" ind2=" " tag="086">
    <subfield code="a">Y 1.1/2:4415</subfield>
  </datafield>
  <datafield ind1="1" ind2=" " tag="110">
    <subfield code="a">United States</subfield>
    <subfield code="b">Congress.</subfield>
    <subfield code="b">House.</subfield>
    <subfield code="b">Committee on Public Buildings and Grounds.</subfield>
  </datafield>
  <datafield ind1="1" ind2="0" tag="245">
    <subfield code="a">Post-office grounds at Bridgeport, Conn. February 13, 1903. -- Referred to the House Calendar and ordered to be printed</subfield>
  </datafield>
  <datafield ind1="1" ind2=" " tag="246">
    <subfield code="i">Cited as:</subfield>
    <subfield code="a">H. Rept. 57-3768</subfield>
  </datafield>
  <datafield ind1=" " ind2="1" tag="264">
    <subfield code="a">[Washington, D.C.]:</subfield>
    <subfield code="b">U.S. Government Printing Office,</subfield>
    <subfield code="c">1903.</subfield>
  </datafield>
  <datafield ind1=" " ind2=" " tag="300">
    <subfield code="a">1 online resource (1 page).</subfield>
  </datafield>
  <datafield ind1=" " ind2=" " tag="336">
    <subfield code="a">text</subfield>
    <subfield code="b">txt</subfield>
    <subfield code="2">rdacontent</subfield>
  </datafield>
  <datafield ind1=" " ind2=" " tag="337">
    <subfield code="a">computer</subfield>
    <subfield code="b">c</subfield>
    <subfield code="2">rdamedia</subfield>
  </datafield>
  <datafield ind1=" " ind2=" " tag="338">
    <subfield code="a">online resource</subfield>
    <subfield code="b">cr</subfield>
    <subfield code="2">rdacarrier</subfield>
  </datafield>
  <datafield ind1="1" ind2=" " tag="490">
    <subfield code="a">House report / 57th Congress. House ;</subfield>
    <subfield code="v">no. 3768</subfield>
  </datafield>
  <datafield ind1="1" ind2=" " tag="490">
    <subfield code="a">[United States congressional serial set] ;</subfield>
    <subfield code="v">[serial no. 4415]</subfield>
  </datafield>
  <datafield ind1="1" ind2="0" tag="650">
    <subfield code="a">Fire prevention.</subfield>
  </datafield>
  <datafield ind1="1" ind2="0" tag="650">
    <subfield code="a">Legislative amendments.</subfield>
  </datafield>
  <datafield ind1="1" ind2="0" tag="650">
    <subfield code="a">Post office buildings.</subfield>
  </datafield>
  <datafield ind1="1" ind2="0" tag="650">
    <subfield code="a">Remodelling.</subfield>
  </datafield>
  <datafield ind1="1" ind2="0" tag="650">
    <subfield code="a">Renovation (Architecture)</subfield>
  </datafield>
  <datafield ind1=" " ind2="7" tag="655">
    <subfield code="a">Government publication.</subfield>
    <subfield code="2">marcgt</subfield>
  </datafield>
  <datafield ind1=" " ind2="7" tag="655">
    <subfield code="a">Legislative materials.</subfield>
    <subfield code="2">lcgft</subfield>
  </datafield>
  <datafield ind1="1" ind2=" " tag="700">
    <subfield code="a">Gillet, Charles William</subfield>
    <subfield code="d">1840-1908</subfield>
    <subfield code="u">Republican (NY)</subfield>
  </datafield>
  <datafield ind1="1" ind2=" " tag="710">
    <subfield code="a">United States.</subfield>
    <subfield code="b">Government Publishing Office,</subfield>
    <subfield code="e">publisher,</subfield>
    <subfield code="e">distributor.</subfield>
  </datafield>
  <datafield ind1="1" ind2=" " tag="710">
    <subfield code="a">United States.</subfield>
    <subfield code="b">Congress.</subfield>
    <subfield code="b">House,</subfield>
    <subfield code="e">author.</subfield>
  </datafield>
  <datafield ind1="4" ind2="0" tag="856">
    <subfield code="d">llserialsetce</subfield>
    <subfield code="f">04415_00_00-257-3768-0000</subfield>
    <subfield code="u">https://hdl.loc.gov/loc.law/llserialsetce.04415_00_00-257-3768-0000</subfield>
  </datafield>
  <datafield ind1=" " ind2=" " tag="884">
    <subfield code="a">Record converted from MODS</subfield>
  </datafield>
  <datafield ind1=" " ind2=" " tag="985">
    <subfield code="a">ll/llserialset/mono</subfield>
  </datafield>
  <datafield ind1=" " ind2=" " tag="985">
    <subfield code="a">ll/llserialset/57-2</subfield>
  </datafield>
  <datafield ind1=" " ind2=" " tag="985">
    <subfield code="a">ll/llserialset/H. Rept.</subfield>
  </datafield>
  <datafield ind1=" " ind2=" " tag="985">
    <subfield code="a">ll/llserialset/v4415</subfield>
  </datafield>
  <datafield ind1=" " ind2=" " tag="985">
    <subfield code="a">ll/llserialset/monobatch240821</subfield>
  </datafield>
  <datafield ind1=" " ind2=" " tag="985">
    <subfield code="a">ll/llserialset/monobatch</subfield>
  </datafield>
  <datafield ind1=" " ind2=" " tag="991">
    <subfield code="h">Electronic Resource</subfield>
  </datafield>
</record>
